000 00468nam a2200145Ia 4500
008 231129s1992||||xx |||||||||||||| ||spa||
020 _a84-7509-807-X
040 _bspa
082 _a193 W831L
100 _aWittgesntein Ludwig
245 0 _aLecciones y conversaciones sobre estetica psicologí­a y creencia religiosa
260 _c1992
264 _aPaidos/I.C.E. de la Universidad Autonoma de Barcelona
942 _2ddc
_cBKS
999 _c19063
_d19063